On This Day: August 17th Quiz Stats

 Plays Quiz Updated Aug 17, 2017

Support Sporcle.
Go Orange.
Score 0/7 Timer 03:00
2 Plays Today
Question Answer Wrong Answers
US President Bill Clinton admits in taped testimony that he had an ‘improper physical relationship’ with this White House intern.
1998
Monica Lewinsky
92.5%
Paula Jones
1.2%
Linda Tripp
1.1%
Huma Abedin
0.6%
This well-known American actor, who won a Best Actor Academy Award for his role in ‘Raging Bull’, is born.
1943
Robert De Niro
83.4%
Robert Duvall
3.9%
Michael Douglas
2.2%
Clint Eastwood
6.9%
In Charleston, South Carolina, Union batteries and ships bombard this Confederate-held fort.
1863
Fort Sumter
81.4%
Fort Gaines
6.1%
Fort Ticonderoga
5.1%
Fort Halifax
7.3%
The Radcliffe Line is revealed, setting the border between the Dominions of India and ______ during the Partition of India.
1947
Pakistan
80.6%
Nepal
9.5%
China
3.5%
Afghanistan
2.3%
The First Québec Conference begins. The chief representatives are Winston Churchill, Franklin D. Roosevelt, and this Canadian prime minister.
1943
William Lyon Mackenzie King
49.6%
Pierre Trudeau
27%
R. B. Bennett
8.4%
Robert Borden
11.9%
'Fantasmagorie', considered by historians to be the first ______, debuts in Paris, France.
1908
Animated Cartoon
41.7%
Silent Film
43.2%
News Radio Program
3.1%
Comic Book
10.1%
American swimmer Michael Phelps becomes the first person to win ______ gold medals at one Olympic Games.
2008
8
40.2%
11
28.8%
7
11%
10
15.3%

From the Vault

Find the Rock and Roll Hall of Fame Inductees (2010s)

by Noldeh

Music 4m
We'd like to extend a welcome to the newest members of the Rock and Roll Hall of Fame.
Remove Ads.
Support Sporcle.
Get the best of Sporcle when you Go Orange. This ad-free experience offers more features, more stats, and more fun while also helping to support Sporcle. Thank you for becoming a member.

Show Comments

Extras

Top Quizzes Today


Score Distribution

Your Account Isn't Verified!

In order to create a playlist on Sporcle, you need to verify the email address you used during registration. Go to your Sporcle Settings to finish the process.

Report this User

Report this user for behavior that violates our Community Guidelines.

Details: